Statistics for Wars Involving Australia

Click here to take the quiz!

General Stats

  • This quiz has been taken 93 times
  • The average score is 8 of 14

Answer Stats

YearAlliesOpponentResultAnswer% Correct
1914-1918Allied PowersGermany
Austria-Hungary
Ottoman Empire
Bulgaria
VictoryWorld War One
100%
1939-1945Allied PowersJapan
Germany
Italy
Hungary
Romania
Bulgaria
Finland
Siam
Iraq
VictoryWorld War Two
99%
1950-1953South Korea
United Nations Command
North Korea
USSR
China
CompromiseKorean War
87%
1965-1973South Vietnam
USA
South Korea
New Zealand
Thailand
Philippines
Laos
Cambodia
North Vietnam
Viet Cong
Khmer Rouge
Pathet Lao
China
USSR
North Korea
DefeatVietnam War
85%
2003-2009Iraq Republic
Kurdistan
US Lead Coalition
Iraq
Al-Qaeda
Mahdi Army
Hezbollah
VictoryIraq War
78%
2001-2021Northern Alliance
NATO
US Lead Coalition
Afghanistan
Islamic State
Taliban
Al-Qaeda
DefeatAfghan War
76%
1899-1902United Kingdom
Canada
New Zealand
Orange Free State
South African State
Victory2nd Boer War
67%
1990-1991Kuwait
US Lead Intervention Force
IraqVictoryGulf War
65%
1900-19018 Nation Alliance
Spain
Netherlands
Belguim
Boxers
Qing Empire
VictoryBoxer Rebellion
59%
1918-1920White Movement
Allied Powers
Czechoslovakia
Poland
Estonia
Latvia
Lithuania
Russian SFSR
Far Eastern Republic
Latvian SSR
Ukrainian SSR
Communist Estonia
Communist Mongolia
DefeatRussian Civil War
56%
2014- PresentIraq
Iraqi Kurdistan
Syrian Rebels
Rojava
US Lead Coalition
ISIS
Al-Qaeda
OngoingWar on ISIL
36%
1950-1960Malaysia
United Kingdom
New Zealand
Malaysian CommunistsVictoryMalayan Insurgency
13%
1963-1966Malaysia
United Kingdom
New Zealand
IndonesiaVictoryBorneo Confrontation
9%
2006-2013East Timor
New Zealand
Malaysia
Portugal
Timor insurgentsVictoryOperation Astute
5%

Score Distribution

Percentile by Number Answered

Percent of People with Each Score

Your Score History

You have not taken this quiz